[Event "SVM_Regionalliga_2023-24"]
[Site "?"]
[Date "2023.11.05"]
[Round "4.6"]
[White "Georgi, Thomas"]
[Black "Bartl, Dirk"]
[Result "1/2-1/2"]
[WhiteElo "1857"]
[BlackElo "1763"]
[PlyCount "48"]
[EventDate "2023.11.05"]
[WhiteTeam "Klub Kölner SF 3"]
[BlackTeam "SK Troisdorf 1"]

1. e4 e6 2. d4 d5 3. Nd2 h6 4. e5 b6 5. Bd3 Ba6 6. Bxa6 Nxa6 7. c3 Qd7 8. Ne2
Ne7 9. O-O g6 10. f4 Bg7 11. Nf3 c5 12. Qd3 Nc7 13. b3 Qc6 14. dxc5 bxc5 15.
Be3 O-O 16. b4 c4 17. Qd2 Qa4 18. Bc5 Rfe8 19. Ned4 a6 20. a3 Nb5 21. Rfc1 Nxd4
22. Nxd4 Nc6 23. Qc2 Qxc2 24. Nxc2 f6 1/2-1/2

[Event "SVM_Regionalliga_2023-24"]
[Site "?"]
[Date "2023.11.05"]
[Round "4.7"]
[White "Sejdini, Valentin"]
[Black "Hofinger, Thomas"]
[Result "1/2-1/2"]
[WhiteElo "1742"]
[BlackElo "1781"]
[PlyCount "30"]
[EventDate "2023.11.05"]
[WhiteTeam "SK Troisdorf 1"]
[BlackTeam "Klub Kölner SF 3"]

1. d4 e6 2. Nf3 f5 3. c4 Nf6 4. Nc3 Be7 5. Bg5 h6 6. Bxf6 Bxf6 7. e4 O-O 8. Bd3
fxe4 9. Nxe4 Nc6 10. Nxf6+ Qxf6 11. O-O d6 12. Rc1 e5 13. dxe5 Nxe5 14. Nxe5
Qxe5 15. Rc3 Bf5 1/2-1/2

[Event "SVM_Regionalliga_2023-24"]
[Site "?"]
[Date "2023.11.05"]
[Round "4.8"]
[White "Ye, Philipp"]
[Black "Dieterle, Robert"]
[Result "1-0"]
[WhiteElo "1730"]
[BlackElo "1705"]
[PlyCount "57"]
[EventDate "2023.11.05"]
[WhiteTeam "Klub Kölner SF 3"]
[BlackTeam "SK Troisdorf 1"]

1. d4 e6 2. Bf4 d5 3. e3 Nf6 4. Nd2 c5 5. Ngf3 Nc6 6. c3 Be7 7. Ne5 O-O 8. Bd3
cxd4 9. exd4 Qb6 10. Qc2 h6 11. h4 Nxe5 12. Bxe5 Ng4 13. Qb3 Nxe5 14. dxe5 Qc7
15. Nf3 b6 16. O-O Bb7 17. Rfe1 Rae8 18. Rad1 f6 19. Bb1 f5 20. g3 Qc6 21. Nd4
Qc8 22. Qc2 Bc5 23. Qe2 Ba6 24. Qh5 Qd7 25. Kg2 Qf7 26. Qxf7+ Rxf7 27. Bc2 f4
28. Bg6 f3+ 29. Kg1 1-0

[Event "SVM_Regionalliga_2023-24"]
[Site "?"]
[Date "2023.11.05"]
[Round "4.1"]
[White "Meirick, Ingo"]
[Black "Pieper, Dawid"]
[Result "1/2-1/2"]
[WhiteElo "2181"]
[BlackElo "2152"]
[PlyCount "46"]
[EventDate "2023.11.05"]
[WhiteTeam "SV Herzogenrath 1"]
[BlackTeam "Bergische SF 1"]

1. d4 d5 2. c4 dxc4 3. Nf3 Nf6 4. e3 e6 5. Bxc4 a6 6. O-O b5 7. Be2 Bb7 8. a4
b4 9. b3 Nbd7 10. Bb2 c5 11. Nbd2 Bd6 12. Nc4 Bc7 13. Rc1 O-O 14. Nce5 cxd4 15.
Qxd4 Nxe5 16. Nxe5 Qxd4 17. Bxd4 Bxe5 18. Bxe5 Bd5 19. Bd6 Rfd8 20. Bxb4 Rdb8
21. Bd6 Rxb3 22. Bc4 Bxc4 23. Rxc4 h6 1/2-1/2

[Event "SVM_Regionalliga_2023-24"]
[Site "?"]
[Date "2023.11.05"]
[Round "4.2"]
[White "Bosbach, Stefan"]
[Black "Schreyer, Oliver"]
[Result "1/2-1/2"]
[WhiteElo "2010"]
[BlackElo "2039"]
[PlyCount "81"]
[EventDate "2023.11.05"]
[WhiteTeam "Bergische SF 1"]
[BlackTeam "SV Herzogenrath 1"]

1. Nf3 d5 2. g3 g6 3. Bg2 Bg7 4. O-O e5 5. d3 Ne7 6. Nbd2 O-O 7. e4 Nbc6 8. Re1
Re8 9. a4 h6 10. c3 Be6 11. Qc2 a5 12. b3 Qd7 13. Bb2 Rad8 14. Rad1 Bg4 15.
exd5 Nxd5 16. Nc4 Qf5 17. Ne3 Nxe3 18. Rxe3 h5 19. Rde1 Qd7 20. d4 Bxf3 21.
Bxf3 exd4 22. Bxc6 Qxc6 23. Rxe8+ Rxe8 24. Rxe8+ Qxe8 25. cxd4 c6 26. Bc3 Qd8
27. Qb2 b5 28. axb5 cxb5 29. Qa1 b4 30. Bb2 Qd5 31. Qd1 Bf6 32. h4 Kf8 33. Kh2
Qf5 34. Kg2 Qe4+ 35. Qf3 Qxf3+ 36. Kxf3 Ke7 37. Ke4 Kd6 38. Bc1 Bd8 39. f4 f5+
40. Kd3 Kd5 41. Bb2 1/2-1/2

[Event "SVM_Regionalliga_2023-24"]
[Site "?"]
[Date "2023.11.05"]
[Round "4.3"]
[White "Zappel, Marius"]
[Black "Gelsok, Philipp"]
[Result "1/2-1/2"]
[WhiteElo "2055"]
[BlackElo "2043"]
[PlyCount "87"]
[EventDate "2023.11.05"]
[WhiteTeam "SV Herzogenrath 1"]
[BlackTeam "Bergische SF 1"]

1. e4 e5 2. Nf3 Nc6 3. Bb5 Nf6 4. O-O Nxe4 5. Re1 Nd6 6. Nxe5 Be7 7. Bf1 Nxe5
8. Rxe5 O-O 9. d4 Bf6 10. Re1 Re8 11. Rxe8+ Nxe8 12. d5 c6 13. c4 d6 14. Nd2
Bf5 15. Qf3 Qd7 16. a4 Nc7 17. Ra3 Rc8 18. dxc6 bxc6 19. Ne4 Be5 20. h3 Re8 21.
Ng3 Bg6 22. b4 d5 23. b5 dxc4 24. bxc6 Qd6 25. Re3 Nd5 26. Bxc4 Nxe3 27. Bxe3
Bxg3 28. fxg3 Qe7 29. Bd4 Rd8 30. Qf4 Rc8 31. Ba6 Rxc6 32. Qb8+ Qf8 33. Qxa7
Be4 34. Bb5 Rc1+ 35. Kh2 Rc2 36. Bf2 h6 37. Qe3 Qa8 38. Bf1 Qxa4 39. Qf4 Qa8
40. g4 Qc6 41. Qb8+ Kh7 42. Qf4 Qd5 43. Qe3 Rc4 44. Bxc4 1/2-1/2

[Event "SVM_Regionalliga_2023-24"]
[Site "?"]
[Date "2023.11.05"]
[Round "4.4"]
[White "Harringer, Manfred"]
[Black "Horbach, Fabian"]
[Result "1/2-1/2"]
[WhiteElo "1993"]
[BlackElo "1956"]
[PlyCount "95"]
[EventDate "2023.11.05"]
[WhiteTeam "Bergische SF 1"]
[BlackTeam "SV Herzogenrath 1"]

1. e4 c5 2. Nf3 e6 3. g3 d5 4. exd5 exd5 5. d4 Nf6 6. Bg2 Be7 7. O-O O-O 8.
Nbd2 Nc6 9. dxc5 Bxc5 10. Nb3 Bb6 11. Bg5 h6 12. Bxf6 Qxf6 13. c3 Be6 14. a4
Rad8 15. Nfd4 a6 16. Re1 Rfe8 17. Qf3 Qg5 18. h4 Qg6 19. Qf4 Ba7 20. Bf3 Bb8
21. h5 Qd3 22. Qe3 Qxe3 23. Rxe3 Ne5 24. Be2 Bc8 25. Nd2 Ba7 26. Re1 Ng4 27.
Bxg4 Rxe3 28. Rxe3 Bxg4 29. Re7 Rd7 30. Re8+ Kh7 31. N2f3 Bxd4 32. Nxd4 Bxh5
33. Kg2 Kg6 34. Re5 Bd1 35. a5 Kf6 36. f4 g6 37. Kf2 h5 38. Ke3 Re7 39. Kd2 Bg4
40. Rxd5 Rd7 41. Re5 Kg7 42. b4 f6 43. Rc5 Kh6 44. Ke3 Re7+ 45. Kf2 g5 46. Nf5+
Bxf5 47. Rxf5 Kg6 48. Rc5 1/2-1/2

[Event "SVM_Regionalliga_2023-24"]
[Site "?"]
[Date "2023.11.05"]
[Round "4.5"]
[White "Samraoui, Mekki"]
[Black "Heckötter, Christian"]
[Result "1/2-1/2"]
[WhiteElo "1886"]
[BlackElo "1948"]
[PlyCount "84"]
[EventDate "2023.11.05"]
[WhiteTeam "SV Herzogenrath 1"]
[BlackTeam "Bergische SF 1"]

1. b3 d5 2. Bb2 Bg4 3. h3 Bh5 4. g4 Bg6 5. e3 Nd7 6. Bg2 c6 7. d4 e6 8. Nd2 h5
9. Ne2 hxg4 10. hxg4 Rxh1+ 11. Bxh1 Qh4 12. Ng3 Bd6 13. Ndf1 Ngf6 14. Bf3 O-O-O
15. Qe2 Ne4 16. Bxe4 dxe4 17. O-O-O Nf6 18. c4 Qxg4 19. c5 Bxg3 20. Nxg3 Qxe2
21. Nxe2 Bh5 22. Kd2 Bxe2 23. Kxe2 Rh8 24. Rg1 Rh7 25. Bc3 Kd7 26. b4 Nd5 27.
Bd2 g6 28. Rg4 Rh1 29. Be1 Nf6 30. Rg5 Rh5 31. Rg1 e5 32. dxe5 Nd5 33. f4 exf3+
34. Kxf3 Rxe5 35. e4 Nf6 36. Bc3 Re6 37. Rd1+ Ke7 38. Re1 a6 39. a4 Kd7 40.
Rd1+ Kc7 41. Re1 Nd7 42. Kf4 a5 1/2-1/2

[Event "SVM_Regionalliga_2023-24"]
[Site "?"]
[Date "2023.11.05"]
[Round "4.6"]
[White "Thelen, Harm-Wulf"]
[Black "Haverkamp, Klaus"]
[Result "1/2-1/2"]
[WhiteElo "1960"]
[BlackElo "1872"]
[PlyCount "110"]
[EventDate "2023.11.05"]
[WhiteTeam "Bergische SF 1"]
[BlackTeam "SV Herzogenrath 1"]

1. c4 e5 2. Nc3 Nf6 3. g3 Bb4 4. Bg2 Nc6 5. Nd5 O-O 6. Nxb4 Nxb4 7. d3 c6 8.
Bd2 Na6 9. Bc3 Re8 10. e4 d6 11. Nf3 Bd7 12. h3 c5 13. O-O Qc8 14. Kh2 b5 15.
Ne1 b4 16. Bd2 Nc7 17. f4 Ne6 18. Nf3 Qc7 19. f5 Nd8 20. g4 d5 21. g5 dxe4 22.
Nh4 Bc6 23. gxf6 Qd6 24. Qg4 Qxf6 25. Bg5 Qd6 26. dxe4 f6 27. Rad1 Qe7 28. Be3
Nf7 29. Rd2 Red8 30. Rfd1 Rxd2 31. Rxd2 Rd8 32. Qd1 Rxd2 33. Qxd2 Qb7 34. Bxc5
Bxe4 35. Qxb4 Bxg2 36. Nxg2 Qc7 37. Qb5 h6 38. Qe8+ Kh7 39. Qe7 Qc8 40. Qxf7
Qxc5 41. Qd5 Qf2 42. Qe4 Qxb2 43. c5 Qxa2 44. c6 Qa5 45. Qc4 Qc7 46. Kh1 a5 47.
Ne3 e4 48. Qxe4 Qg3 49. Ng2 Qxh3+ 50. Kg1 Qc3 51. Nf4 Qa1+ 52. Kh2 Qb2+ 53. Kg3
Qc3+ 54. Qf3 Qe5 55. Kf2 Qb2+ 1/2-1/2

[Event "SVM_Regionalliga_2023-24"]
[Site "?"]
[Date "2023.11.05"]
[Round "4.7"]
[White "Arns, Danny"]
[Black "Gutt, Oswald"]
[Result "1/2-1/2"]
[WhiteElo "1904"]
[BlackElo "1799"]
[PlyCount "47"]
[EventDate "2023.11.05"]
[WhiteTeam "SV Herzogenrath 1"]
[BlackTeam "Bergische SF 1"]

1. e4 e5 2. Nf3 Nc6 3. Bc4 Nf6 4. Ng5 d5 5. exd5 Na5 6. Bb5+ c6 7. dxc6 bxc6 8.
Qf3 Bd7 9. Bd3 Be7 10. Nc3 O-O 11. O-O h6 12. Nge4 Nxe4 13. Qxe4 f5 14. Qxe5
Bf6 15. Qe2 Qc7 16. b4 Rae8 17. Bc4+ Nxc4 18. Qxc4+ Be6 19. Qd3 Qf4 20. Ne2 Qc4
21. Nc3 Qxb4 22. Rb1 Qh4 23. f4 Rd8 24. Qf3 1/2-1/2

[Event "SVM_Regionalliga_2023-24"]
[Site "?"]
[Date "2023.11.05"]
[Round "4.8"]
[White "Eilers, Jochen"]
[Black "Fainberg, Alexander"]
[Result "1-0"]
[WhiteElo "1899"]
[BlackElo "1255"]
[PlyCount "67"]
[EventDate "2023.11.05"]
[WhiteTeam "Bergische SF 1"]
[BlackTeam "SV Herzogenrath 1"]

1. c4 c5 2. Nf3 Nc6 3. d4 cxd4 4. Nxd4 g6 5. Nc3 Bg7 6. Nc2 Nf6 7. e4 e6 8. Be2
O-O 9. O-O b6 10. Bf4 e5 11. Bg5 h6 12. Be3 Bb7 13. f3 Rc8 14. Qd2 h5 15. Rfd1
Qe7 16. Bg5 Rfd8 17. Nd5 Qe6 18. Rac1 Ne7 19. Ncb4 a5 20. Nxe7+ Qxe7 21. Nd5
Bxd5 22. cxd5 Rc5 23. Be3 Rxc1 24. Rxc1 Qd6 25. Qc3 Ne8 26. Qb3 Rb8 27. Bb5 Nc7
28. Qa4 Nxb5 29. Qxb5 Bf6 30. a3 Kf8 31. Qa6 Bd8 32. Bc5 Qxc5+ 33. Rxc5 bxc5
34. Qd6+ 1-0

[Event "SVM_Regionalliga_2023-24"]
[Site "?"]
[Date "2023.11.05"]
[Round "4.2"]
[White "Lunnebach, Oliver"]
[Black "Hess, Christian"]
[Result "0-1"]
[WhiteElo "2149"]
[BlackElo "1995"]
[PlyCount "82"]
[EventDate "2023.11.05"]
[WhiteTeam "SG Kalker/Deutzer 1"]
[BlackTeam "Langenfelder SF 2"]

1. Nf3 Nf6 2. d4 e6 3. g3 b6 4. Bg2 Bb7 5. O-O Be7 6. b3 c5 7. c4 cxd4 8. Bb2
O-O 9. Bxd4 Nc6 10. Ne5 Qc7 11. Nxc6 Bxc6 12. Nc3 Bxg2 13. Kxg2 d5 14. cxd5 e5
15. Nb5 Qd7 16. d6 Bd8 17. Nc3 exd4 18. Qxd4 Ne8 19. Rfd1 Bf6 20. Qd3 Bxc3 21.
Qxc3 Nxd6 22. f3 Qe6 23. Qd3 Rad8 24. e4 f5 25. exf5 Rxf5 26. Re1 Qf6 27. Rac1
Nf7 28. Qe2 Ne5 29. Rc7 Nxf3 30. Qc4+ Kh8 31. Re2 Ne5 32. Qe4 Rf8 33. Rxa7 Rf2+
34. Rxf2 Qxf2+ 35. Kh3 Qf1+ 36. Qg2 Qf5+ 37. g4 Qd3+ 38. Qg3 Qd5 39. Re7 Ng6
40. Re3 h6 41. Qg1 Rf3+ 0-1

[Event "SVM_Regionalliga_2023-24"]
[Site "?"]
[Date "2023.11.05"]
[Round "4.3"]
[White "Schulte-Lentz, Christian"]
[Black "Gerdau, Andreas"]
[Result "1/2-1/2"]
[WhiteElo "2043"]
[BlackElo "1896"]
[PlyCount "46"]
[EventDate "2023.11.05"]
[WhiteTeam "Langenfelder SF 2"]
[BlackTeam "SG Kalker/Deutzer 1"]

1. e4 e5 2. Nf3 Nc6 3. Bb5 a6 4. Ba4 Nf6 5. O-O Bc5 6. c3 b5 7. Bb3 d6 8. a4
Bb7 9. d4 Bb6 10. Na3 O-O 11. Bg5 h6 12. Bh4 Na5 13. Bc2 c5 14. dxe5 dxe5 15.
Qe2 b4 16. Nc4 Nxc4 17. Qxc4 a5 18. Rfd1 Qe7 19. Qb5 Qe6 20. Bb3 Qxb3 21. Qxb6
Rab8 22. Bxf6 Bxe4 23. Qd6 Bxf3 1/2-1/2

[Event "SVM_Regionalliga_2023-24"]
[Site "?"]
[Date "2023.11.05"]
[Round "4.4"]
[White "Schwark, Mario"]
[Black "Weisshaupt, Rainer"]
[Result "0-1"]
[WhiteElo "1843"]
[BlackElo "1943"]
[PlyCount "60"]
[EventDate "2023.11.05"]
[WhiteTeam "SG Kalker/Deutzer 1"]
[BlackTeam "Langenfelder SF 2"]

1. d4 Nf6 2. Nf3 d5 3. c4 Bf5 4. Qb3 dxc4 5. Qxb7 Nbd7 6. Qb5 e6 7. Qxc4 Bd6 8.
Nc3 O-O 9. Bg5 h6 10. Bh4 g5 11. Bg3 Rb8 12. Bxd6 cxd6 13. Nd2 Rxb2 14. e4 d5
15. Qa4 dxe4 16. Qa3 Rb7 17. Ba6 Rb8 18. O-O Nb6 19. Nb3 Nbd5 20. Rac1 Qb6 21.
Nxd5 Nxd5 22. Nc5 Rfd8 23. Rc4 Qb2 24. Qa5 Rb6 25. h3 e3 26. Na4 Qxa2 27. Rc8
Rxc8 28. Bxc8 Bd3 29. Rc1 Qxf2+ 30. Kh1 Be4 0-1

[Event "SVM_Regionalliga_2023-24"]
[Site "?"]
[Date "2023.11.05"]
[Round "4.5"]
[White "Bosbach, Jens"]
[Black "Arlt, Klaus"]
[Result "1/2-1/2"]
[WhiteElo "1847"]
[BlackElo "1917"]
[PlyCount "101"]
[EventDate "2023.11.05"]
[WhiteTeam "Langenfelder SF 2"]
[BlackTeam "SG Kalker/Deutzer 1"]

1. d4 Nf6 2. Nf3 e6 3. c4 d5 4. e3 Nbd7 5. Nbd2 c6 6. Bd3 dxc4 7. Nxc4 Bb4+ 8.
Bd2 Qe7 9. O-O Bxd2 10. Qxd2 O-O 11. Rac1 Rd8 12. Rfd1 g6 13. b4 Nd5 14. a3
N5b6 15. Qb2 Nxc4 16. Bxc4 Nb6 17. Ne5 Nxc4 18. Rxc4 f6 19. Nd3 Bd7 20. Nc5 Be8
21. Rdc1 Bf7 22. R4c3 Rd5 23. Nb3 Rad8 24. Rc5 R5d7 25. h3 Kg7 26. Nd2 g5 27.
b5 cxb5 28. Qxb5 Be8 29. Qb2 Bf7 30. a4 b6 31. Rc8 Rxc8 32. Rxc8 Rc7 33. Rxc7
Qxc7 34. Ne4 Bg6 35. Nc3 Qc4 36. Qa3 Qc7 37. d5 exd5 38. Nxd5 Qd7 39. Nc3 Bd3
40. Qb4 Bc2 41. a5 bxa5 42. Qxa5 Qb7 43. Nb5 a6 44. Nd4 Be4 45. Ne6+ Kh6 46.
Qd8 Qf7 47. Nc5 Bc6 48. Nxa6 Bxg2 49. Kxg2 Qb7+ 50. Kg3 Qxa6 51. Qf8+ 1/2-1/2

[Event "SVM_Regionalliga_2023-24"]
[Site "?"]
[Date "2023.11.05"]
[Round "4.6"]
[White "Tbaila, Ralph"]
[Black "Unshelm, Jan Erik"]
[Result "0-1"]
[WhiteElo "1855"]
[BlackElo "1378"]
[PlyCount "55"]
[EventDate "2023.11.05"]
[WhiteTeam "SG Kalker/Deutzer 1"]
[BlackTeam "Langenfelder SF 2"]

1. b4 e5 2. Bb2 Bxb4 3. Bxe5 Nf6 4. Nf3 Nc6 5. Bb2 d5 6. e3 Bg4 7. c4 O-O 8.
cxd5 Nxd5 9. Be2 Re8 10. O-O Qd6 11. a3 Ba5 12. Qa4 Bh5 13. Rc1 Nf4 14. Bd1 Nd3
15. Rxc6 Qxc6 16. Qxa5 Nxb2 17. Nc3 Nxd1 18. Qxh5 Nxc3 19. Nd4 Qd5 20. Nf5 g6
21. Nh6+ Kg7 22. Qh4 Qh5 23. Qd4+ Qe5 24. Qxe5+ Rxe5 25. Ng4 Rg5 26. f4 Rxg4
27. h3 Rh4 28. g4 0-1

[Event "SVM_Regionalliga_2023-24"]
[Site "?"]
[Date "2023.11.05"]
[Round "4.7"]
[White "Büttner, Ulrich"]
[Black "Asselborn, Jürgen"]
[Result "1/2-1/2"]
[WhiteElo "1808"]
[BlackElo "1859"]
[PlyCount "69"]
[EventDate "2023.11.05"]
[WhiteTeam "Langenfelder SF 2"]
[BlackTeam "SG Kalker/Deutzer 1"]

1. e4 e6 2. d4 d5 3. Nd2 Nf6 4. e5 Nfd7 5. Bd3 c5 6. c3 Nc6 7. Ne2 Qb6 8. Nf3
Be7 9. O-O cxd4 10. cxd4 O-O 11. a3 f6 12. exf6 Nxf6 13. b4 Bd6 14. Ng3 g6 15.
Bb2 Qc7 16. Rc1 a6 17. Ne5 Qb6 18. Ne2 Bxe5 19. dxe5 Ng4 20. Rxc6 bxc6 21. Bd4
Qc7 22. f4 a5 23. Bc5 Rf7 24. h3 Nh6 25. g4 axb4 26. axb4 Ba6 27. Nd4 Bxd3 28.
Qxd3 Qd7 29. Qe3 Kg7 30. f5 Nxf5 31. gxf5 gxf5 32. Kh1 Kh8 33. Rg1 Ra2 34. Qg5
Ra8 35. Kh2 1/2-1/2

[Event "SVM_Regionalliga_2023-24"]
[Site "?"]
[Date "2023.11.05"]
[Round "4.8"]
[White "Goßmann, Jochen"]
[Black "Schaffeld, Martin"]
[Result "1/2-1/2"]
[WhiteElo "1808"]
[BlackElo "1554"]
[PlyCount "36"]
[EventDate "2023.11.05"]
[WhiteTeam "SG Kalker/Deutzer 1"]
[BlackTeam "Langenfelder SF 2"]

1. e4 c6 2. d4 d5 3. exd5 cxd5 4. c4 Nf6 5. Nc3 Nc6 6. Nf3 Bg4 7. cxd5 Nxd5 8.
Bc4 e6 9. Be3 Bb4 10. Bxd5 Qxd5 11. Bd2 Bxc3 12. bxc3 O-O 13. h3 Qe4+ 14. Qe2
Bf5 15. Qxe4 Bxe4 16. Ng5 Bxg2 17. Rg1 Bd5 18. Rg3 Rfe8 1/2-1/2

[Event "SVM_Regionalliga_2023-24"]
[Site "?"]
[Date "2023.11.05"]
[Round "4.1"]
[White "Vandenbergen, Nicolas"]
[Black "Gulbas, Cemil"]
[Result "0-1"]
[WhiteElo "2133"]
[BlackElo "2361"]
[PlyCount "74"]
[EventDate "2023.11.05"]
[WhiteTeam "Turm Euskirchen 1"]
[BlackTeam "DJK Aufwärts Aachen 1"]

1. Nc3 d5 2. e4 c6 3. Nf3 Bg4 4. h3 Bxf3 5. Qxf3 e6 6. exd5 cxd5 7. b3 Nc6 8.
Bb2 Nf6 9. g4 Rb8 10. Rc1 a6 11. Bg2 Bd6 12. O-O Ne5 13. Qd1 Ng6 14. Ne2 h5 15.
g5 Ne4 16. f4 Bc5+ 17. d4 Ba7 18. Bxe4 dxe4 19. Ng3 Nxf4 20. Nxe4 Nxh3+ 21. Kh1
Nxg5 22. Nxg5 Qxg5 23. Qf3 O-O 24. Ba3 Bxd4 25. Bxf8 Rxf8 26. Rcd1 Bf6 27. Rf2
Be5 28. Rd7 f5 29. Qxb7 Rf6 30. Qg2 Qh4+ 31. Kg1 Rh6 32. Re2 Bd4+ 33. Kf1 Kh7
34. Re3 Qf4+ 35. Rf3 Qc1+ 36. Ke2 Qxc2+ 37. Kf1 Qd1# 0-1

[Event "SVM_Regionalliga_2023-24"]
[Site "?"]
[Date "2023.11.05"]
[Round "4.2"]
[White "Hoffmann, Max"]
[Black "Brinkmann, Sven"]
[Result "1-0"]
[WhiteElo "2169"]
[BlackElo "1998"]
[PlyCount "95"]
[EventDate "2023.11.05"]
[WhiteTeam "DJK Aufwärts Aachen 1"]
[BlackTeam "Turm Euskirchen 1"]

1. Nf3 d5 2. c4 e6 3. b3 Be7 4. Bb2 Bf6 5. Nc3 c5 6. g3 Nc6 7. Bg2 Nge7 8. O-O
O-O 9. Qc1 b6 10. cxd5 exd5 11. d3 Bb7 12. e4 d4 13. Ne2 Ng6 14. Ne1 Qd7 15. f4
Rae8 16. Qd2 Bd8 17. Nc2 f5 18. Bh3 Nce7 19. Ba3 a5 20. Rac1 Qb5 21. Bg2 fxe4
22. dxe4 d3 23. Nc3 Qd7 24. Rfd1 b5 25. Bb2 Bb6 26. Kh1 c4 27. bxc4 bxc4 28.
Ne3 Rc8 29. Ba3 Rfe8 30. Re1 Bd4 31. Rb1 Ba6 32. Bb2 Nf8 33. Ncd5 Bxb2 34. Rxb2
Nxd5 35. Nxd5 Rc5 36. Qc3 Rxd5 37. exd5 Rxe1+ 38. Qxe1 Bb7 39. Qe5 Ng6 40. Qb8+
Bc8 41. Rd2 Qe8 42. h4 Qe1+ 43. Kh2 Qxd2 44. Qxc8+ Nf8 45. d6 Kf7 46. Qxc4+ Kf6
47. Qd4+ Kf7 48. Qd5+ 1-0

[Event "SVM_Regionalliga_2023-24"]
[Site "?"]
[Date "2023.11.05"]
[Round "4.3"]
[White "Neubauer, Jürgen"]
[Black "Cnossen, Wiebe"]
[Result "1-0"]
[WhiteElo "1938"]
[BlackElo "2134"]
[PlyCount "113"]
[EventDate "2023.11.05"]
[WhiteTeam "Turm Euskirchen 1"]
[BlackTeam "DJK Aufwärts Aachen 1"]

1. e4 e5 2. Nf3 Nc6 3. Bb5 a6 4. Ba4 Nf6 5. O-O Be7 6. Re1 b5 7. Bb3 d6 8. c3
O-O 9. d3 Na5 10. Bc2 c5 11. Nbd2 Qc7 12. Nf1 Re8 13. Ng3 g6 14. Bg5 Nc6 15. h3
Kg7 16. Qd2 Ng8 17. Rac1 Bxg5 18. Qxg5 f6 19. Qe3 Be6 20. b3 Bf7 21. Red1 Red8
22. d4 Na5 23. d5 Ne7 24. Nh2 Qa7 25. Ng4 Ng8 26. Qf3 h5 27. Ne3 Nh6 28. Ne2
Qd7 29. Kh2 Rh8 30. Kg1 Nb7 31. Ng3 a5 32. a4 h4 33. Ngf1 g5 34. Nh2 Bg6 35.
Qe2 bxa4 36. bxa4 Rhb8 37. Rb1 Nd8 38. Rxb8 Rxb8 39. Qa6 Rb2 40. Qxa5 Be8 41.
Rb1 Rxb1+ 42. Bxb1 Ndf7 43. Bc2 Qb7 44. Nc4 f5 45. Qb6 Qd7 46. exf5 Nxf5 47.
Bxf5 Qxf5 48. a5 Qf4 49. Ne3 Qa4 50. c4 e4 51. a6 Ne5 52. Qxd6 Qa1+ 53. Nhf1
Bh5 54. Nf5+ Kg8 55. Qd8+ Kf7 56. Qe7+ Kg6 57. Qe6+ 1-0

[Event "SVM_Regionalliga_2023-24"]
[Site "?"]
[Date "2023.11.05"]
[Round "4.4"]
[White "Vanstreels, Luc"]
[Black "Hack, Thomas"]
[Result "1-0"]
[WhiteElo "2062"]
[BlackElo "1925"]
[PlyCount "53"]
[EventDate "2023.11.05"]
[WhiteTeam "DJK Aufwärts Aachen 1"]
[BlackTeam "Turm Euskirchen 1"]

1. d4 Nf6 2. Bf4 g6 3. Nc3 Bg7 4. e4 d6 5. Qd2 c6 6. O-O-O O-O 7. Bh6 b5 8. f3
Qa5 9. h4 b4 10. Nb1 Nbd7 11. h5 Bxh6 12. Qxh6 Re8 13. hxg6 fxg6 14. Bc4+ e6
15. Ne2 Ba6 16. Bxa6 Qxa6 17. Nf4 Nf8 18. e5 Nd5 19. exd6 Nxf4 20. Qxf4 Rad8
21. a3 bxa3 22. Nxa3 Rd7 23. c4 c5 24. dxc5 Rc8 25. Qe3 Qc6 26. b4 Qa4 27. b5
1-0

[Event "SVM_Regionalliga_2023-24"]
[Site "?"]
[Date "2023.11.05"]
[Round "4.5"]
[White "Lobe, Sandra"]
[Black "Dönitz, Christian"]
[Result "0-1"]
[WhiteElo "1783"]
[BlackElo "1943"]
[PlyCount "56"]
[EventDate "2023.11.05"]
[WhiteTeam "Turm Euskirchen 1"]
[BlackTeam "DJK Aufwärts Aachen 1"]

1. e4 c5 2. Nf3 e6 3. d3 Nc6 4. g3 g6 5. Bg2 Bg7 6. O-O Nge7 7. Qe2 d6 8. Nbd2
O-O 9. Re1 e5 10. a4 f5 11. Nc4 h6 12. h4 f4 13. c3 Bg4 14. Qd1 Kh8 15. gxf4
exf4 16. Qb3 Qd7 17. e5 dxe5 18. Ncxe5 Nxe5 19. Nxe5 Bxe5 20. Rxe5 f3 21. Bf1
Bh3 22. Qc4 Bxf1 23. Kxf1 Nc6 24. Re6 Rae8 25. Re3 Qh3+ 26. Ke1 Qh1+ 27. Kd2
Rxe3 28. Kxe3 Qe1# 0-1

[Event "SVM_Regionalliga_2023-24"]
[Site "?"]
[Date "2023.11.05"]
[Round "4.6"]
[White "Deider, Kevin"]
[Black "Bernhardt, Thomas"]
[Result "0-1"]
[WhiteElo "1970"]
[BlackElo "1735"]
[PlyCount "52"]
[EventDate "2023.11.05"]
[WhiteTeam "DJK Aufwärts Aachen 1"]
[BlackTeam "Turm Euskirchen 1"]

1. e4 c5 2. Nf3 d6 3. d4 cxd4 4. Nxd4 Nf6 5. Nc3 Nc6 6. Bg5 Qb6 7. Bxf6 gxf6 8.
Nb3 a5 9. a4 Bd7 10. Qh5 Nb4 11. Qe2 Rc8 12. g3 h5 13. h3 Be6 14. Qb5+ Qxb5 15.
Bxb5+ Bd7 16. Bxd7+ Kxd7 17. O-O-O Bg7 18. Rd2 Bh6 19. f4 h4 20. Rf1 hxg3 21.
Nxa5 e5 22. Ne2 g2 23. Rfd1 exf4 24. Rxd6+ Ke8 25. Rxf6 f3+ 26. Nf4 Bg7 0-1

[Event "SVM_Regionalliga_2023-24"]
[Site "?"]
[Date "2023.11.05"]
[Round "4.7"]
[White "Blumenthal, Ralf"]
[Black "Klinkhammer, Matthias"]
[Result "0-1"]
[WhiteElo "1759"]
[BlackElo "1893"]
[PlyCount "88"]
[EventDate "2023.11.05"]
[WhiteTeam "Turm Euskirchen 1"]
[BlackTeam "DJK Aufwärts Aachen 1"]

1. c4 Nf6 2. Nc3 g6 3. d4 d5 4. Nf3 Bg7 5. g3 O-O 6. Bg2 c6 7. O-O dxc4 8. Ne5
Be6 9. b3 Nd5 10. Nxd5 Bxd5 11. bxc4 Bxg2 12. Kxg2 Nd7 13. Nxd7 Qxd7 14. e3 c5
15. Bb2 Rfd8 16. Qf3 Rac8 17. Rfd1 Qc7 18. Rac1 Rd7 19. Rc2 cxd4 20. Bxd4 Rcd8
21. Rb1 Bxd4 22. exd4 b6 23. Rd1 Rxd4 24. Rxd4 Rxd4 25. Qa3 Qb7+ 26. f3 Qd7 27.
Qe3 Qd6 28. Qg5 Kg7 29. a4 h6 30. Qe3 Qc5 31. Qc3 Kh7 32. h4 h5 33. Qe1 a6 34.
Qc1 Qb4 35. c5 bxc5 36. Rxc5 Qxa4 37. Rc7 Rd7 38. Rc4 Qa2+ 39. Rc2 Qd5 40. Qb2
a5 41. Qa3 Qd1 42. Rf2 a4 43. Ra2 Rd3 44. Qxa4 Rd2+ 0-1

[Event "SVM_Regionalliga_2023-24"]
[Site "?"]
[Date "2023.11.05"]
[Round "4.8"]
[White "Hennicken, Reinhard"]
[Black "Leopold, Patrick"]
[Result "1-0"]
[WhiteElo "1952"]
[BlackElo "1460"]
[PlyCount "75"]
[EventDate "2023.11.05"]
[WhiteTeam "DJK Aufwärts Aachen 1"]
[BlackTeam "Turm Euskirchen 1"]

1. e4 c6 2. d4 d5 3. e5 c5 4. c3 Nc6 5. Nf3 Bg4 6. dxc5 e6 7. Bf4 Bxc5 8. b4
Bb6 9. b5 Na5 10. Nbd2 Ne7 11. Bd3 Ng6 12. Bg3 O-O 13. O-O Rc8 14. Rc1 Qe7 15.
Qa4 Bxf3 16. Nxf3 Nc4 17. Qb3 Qa3 18. Bxc4 Qc5 19. Bd3 Rfd8 20. Rc2 Rd7 21. Nd4
h5 22. Bxg6 fxg6 23. Nxe6 Qe7 24. Nd4 h4 25. Bf4 g5 26. e6 Rdd8 27. Be5 Bxd4
28. cxd4 Qxe6 29. Rfc1 Rxc2 30. Qxc2 a6 31. bxa6 bxa6 32. Qc3 g4 33. h3 gxh3
34. Qxh3 Qh6 35. Rc7 g5 36. Rc8 Qf8 37. Qe6+ Kh7 38. Rc7+ 1-0

[Event "SVM_Regionalliga_2023-24"]
[Site "?"]
[Date "2023.11.05"]
[Round "4.1"]
[White "Mainka, Alwin"]
[Black "Radler, Alexander"]
[Result "1-0"]
[WhiteElo "2163"]
[BlackElo "1677"]
[PlyCount "83"]
[EventDate "2023.11.05"]
[WhiteTeam "Arminia Eilendorf 1"]
[BlackTeam "Eschweiler SC 1"]

1. e4 c5 2. Nf3 Nc6 3. d4 cxd4 4. Nxd4 Nf6 5. Nc3 e5 6. Ndb5 d6 7. Bg5 a6 8.
Bxf6 gxf6 9. Na3 b5 10. Nd5 f5 11. Bd3 Be6 12. Qh5 Bxd5 13. exd5 Qa5+ 14. c3
Ne7 15. Nc2 e4 16. Be2 Bg7 17. O-O Qc7 18. a4 Rb8 19. Nb4 Qb7 20. Qg5 O-O 21.
axb5 axb5 22. Ra5 Qd7 23. Qe3 Rb7 24. f3 exf3 25. Qxf3 Qc7 26. Ra6 Rb6 27. Raa1
Re8 28. Bd3 h6 29. Bxf5 Ng6 30. Bc2 Ne5 31. Qf5 Rb7 32. Qh7+ Kf8 33. h3 Nc4 34.
Bg6 Qc5+ 35. Kh1 Ne3 36. Rf3 Nc4 37. Bxf7 Rxf7 38. Rxf7+ Kxf7 39. Rf1+ Ke7 40.
Nc6+ Kd7 41. Rf7+ Kc8 42. Qf5+ 1-0